000
00285nam a22001097a 4500
005
20251008123036.0
008
251008b |||||||| |||| 00| 0 eng d
040
_c
PK-LaNCA
082
_a
720.979493
_b
LOS
245
_a
Los Angeles architecture: the contemporary condition
942
_c
BK
999
_c
66863
_d
66863